000 00512nam a2200157Ia 4500
008 151213s9999 xx 000 0 und d
100 _aC. Mc . Danial , Rogor Gates & Shiva Ivandan
245 _aIntroduction Manual Contemporary Marketing Ree arch
_cC. Mc . Danial , Rogor Gates & Shiva Ivandan
250 _a3rd
260 _aMinneapolis
_bWest Publishing
_c1996
300 _a2844 p.
650 _aMarketing
650 _aMarketing
700 _aC. Mc . Danial , Rogor Gates & Shiva Ivandan
999 _c1954
_d1954